LEADER 01170nam a2200253 u 4500 001 000000106151 003 CaOOAMICUS 005 20070709172833.0 008 070709s1979 it u000 u ita u 040 $aPUL$bita$dGP 245 10$aIndici degli atti dei Convegni romani sulla demitizzazione e l'ermeneutica :$b1961-1977 /$ca cura di Enrichetta Valenziani. 260 $aPadova :$bCEDAM,$c1979. 300 $a297 p. ;$c24 cm. 490 1 $aArchivio di filosofia ;$vanno [47], n. 1 (1979) 650 4$aDemitizzazione.$0(OLS)http://pul/subject/9809 650 4$aErmeneutica.$0(OLS)http://pul/subject/438 700 1 $aValenziani, Enrichetta.$0(OLS)http://pul/name/38086 830 0$aArchivio di filosofia (CEDAM).$0(OLS)http://pul/title/133675 850 $aPUL 852 $aPUL$W1$xSL Filosofia 1$y2$m97 L 47.1$j119209$qStampati$B119100$CPULBib$Z2$F119100 $H46965 $82 941 1 $a8 983 0$aArchivio di filosofia (Fabrizio Serra) 996 $6245$aIndici degli atti dei Convegni romani sulla demitizzazione e l'ermeneutica :$b1961-1977$9(OLS)http://pul/title/133688 996 $6260$aPadova :$bCEDAM$9(OLS)http://pul/publisher/48126 LEADER 01702nam a2200325 a 4500 001 000000174170 003 CaOOAMICUS 005 20210126173421.0 008 210126s2020 it ao 100 u eng r 020 $a978-88-97830-85-6* 032 $aLibriCat 040 $aPUL$bita 082 04$a174 110 2 $aPontificia accademia per la vita$bAssemblea generale$n(25 :$d2019 :$cCittà del Vaticano).$0(OLS)http://pul/name/111902 245 10$aRobo-Ethics : $bhumans, machines and health ; proceedings of the XXV general assembly of members, Vatican City, February 25-27, 2019 /$cPontifical Academy for Life ; edited by Vincenzo Paglia and Renzo Pegoraro. 260 $aRome :$bPontifical Academy for Life,$c2020. 300 $a300 p. :$bill., foto anche a colori ;$c24 cm 504 $aRiferimenti bibliografici in nota. 650 4$aScienza e etica.$0(OLS)http://pul/subject/39463 650 4$aRobotica.$0(OLS)http://pul/subject/46397 700 1 $aPaglia, Vincenzo,$cvescovo emerito di Terni-Narni-Amelia,$d1945-$0(OLS)http://pul/name/17838 700 1 $aPegoraro, Renzo.$0(OLS)http://pul/name/34050 850 $aPUL 852 $aPUL$W1$xSL Filosofia 3$y81$m174 PAPV 8$j198512$qDDC 21$B203081$CPULBib$Z2$F203081 $H134727 $82 941 1 $a9 996 $6020$a978-88-97830-85-6*$9(OLS)http://pul/number/167963 996 $6082$a174$9(OLS)http://pul/classification/425 996 $6245$aRobo-Ethics : $bhumans, machines and health ; proceedings of the XXV general assembly of members, Vatican City, February 25-27, 2019$9(OLS)http://pul/title/215397 996 $6260$aRome :$bPontifical Academy for Life$9(OLS)http://pul/publisher/82683